000 00883nam a2200217Ii 4500
003 JO-AjNU
008 230605s9999||||xx |||||||||||||| ||und||
020 _a978-1-56564-451-4
040 _aJO-AjNU
_bara
_erda
_cJO-AjNU
041 _aara
050 1 4 _aBP173.756 2011
100 3 _aشاويش، وليد مصطفى,
_eauthor
_952427
245 0 0 _aالسياسة النقدية بين الفقه الإسلامي والإقتصاد الوضعي
250 _aط1
264 3 1 _aفيرجينيا: المعهد العالمي للفكر الاسلامي، 2011
300 _a520ص
_bقائمة المراجع ص 499-513 ؛ كشاف الموضوعات والاعلام ص 515-520
336 _atext
_btxt
_2rdacontent
337 _aunmediated
_bn
_2rdamedia
338 _avolume
_bnc
_2rdacarrier
650 4 _aالسياسة النقدية- الاقتصاد الاسلامي
_952428
999 _aA23223
_c26791
_d26791